Narnian Poetry - Statistics

General Stats
  • This quiz has been taken 96 times
  • The average score is 58 of 109
Answer Stats
% Correct
and
98%
And
98%
the
88%
The
88%
be
85%
bone
83%
Shall
83%
will
80%
Adam's
76%
he
76%
in
76%
when
76%
When
76%
Aslan
71%
throne,
71%
it
68%
Sits
68%
we
66%
at
63%
At
63%
Cair Paravel
63%
have
63%
my
63%
his
61%
who
61%
winter
61%
you
61%
spring
59%
comes
56%
done.
56%
mane,
56%
no
56%
over
56%
shall
56%
again.
54%
evil
51%
its
51%
of
51%
shakes
51%
time
51%
death,
49%
or
49%
Or
49%
sight,
49%
if
46%
meets
46%
bell
44%
roar,
44%
teeth,
44%
What
44%
more,
41%
sound
41%
bares
39%
not
39%
Strike
39%
by
37%
for
37%
For
37%
Take
37%
all,
34%
fruit
34%
had.
34%
their
34%
would
34%
gold
32%
stranger;
32%
find
29%
mad
29%
steal
29%
those
29%
wall
29%
wonder,
29%
danger,
27%
desire
27%
heart's
27%
others
27%
sorrows
27%
till
27%
despair.
24%
drives
24%
gates
24%
bide
22%
followed
22%
adventurous
20%
climb
20%
forbear,
20%
No matching quizzes found
Score Distribution
Percent of People with Each Score
Percentile by Number Answered
Your Score History
You have not taken this quiz